Channels of discourse, reassembled (Record no. 108521)
[ view plain ]
| 000 -LEADER | |
|---|---|
| fixed length control field | 01516nam a2200373Ia 4500 |
| 245 00 - TITLE STATEMENT | |
| Title | Channels of discourse, reassembled |
| 250 ## - EDITION STATEMENT | |
| Edition statement | 2nd ed. |
| 260 ## - PUBLICATION, DISTRIBUTION, ETC. (IMPRINT) | |
| Place of publication | Chapel Hill : |
| Name of publisher | University of North Carolina Press, |
| Year of publication | c1992. |
| 300 ## - PHYSICAL DESCRIPTION | |
| Number of Pages | 420 p. : |
| Other physical details | ill. |
| 500 ## - GENERAL NOTE | |
| General note | Rev. ed. of: Channels of discourse. c1987. |
| 650 #0 - SUBJECT ADDED ENTRY--TOPICAL TERM | |
| Topical Term | Television criticism. |
| Topical Term | Criticism. |
| 700 1# - ADDED ENTRY--PERSONAL NAME | |
| Personal name | Allen, Robert Clyde, |
| 856 40 - ELECTRONIC LOCATION AND ACCESS | |
| Uniform Resource Identifier | http://site.ebrary.com/lib/rucke/Doc?id=10367493 |
No items available.
